BEGİL OĞLU EMRENİN DESTANI (Record no. 1057346)

MARC details
000 -LEADER
sabit uzunluktaki kontrol alanı 00251nam a2200097Ia 4500
001 - KONTROL NUMARASI
kontrol alanı 1057346
005 - EN SON İŞLEMİN TARİH VE ZAMANI
kontrol alanı 20250827001417.0
008 - SABİT-UZUNLUKTA VERİ ÖĞELERİ--GENEL BİLGİ
sabit uzunluktaki kontrol alanı 250824s9999 xx 000 0 und d
245 #0 - ESER / YAZAR
ESER ADI BEGİL OĞLU EMRENİN DESTANI
Yazar Adı ADNAN BOYACI
260 ## - YAYIN, DAĞITIM, VB.
YAYIN EVİ MEB YAYINLARI
Holdings
Düşüm durumu Kayıp durumu Hasar Durumu Ödünç verilmez Ana kütüphane Geçerli Kütüphane Edinilen tarih Toplam ödünç verme sayısı Barkod Son görüntüleme tarihi Fiyatın geçerli olmaya başladığı tarih Koha materyal türü
        100. YIL AHMET HAŞHAŞ ORTAOKULU 100. YIL AHMET HAŞHAŞ ORTAOKULU 24.08.2025   10034647 27.08.2025 27.08.2025 Books